[Event "Angers op 15th"]
[Site "Angers"]
[Date "2022.05.28"]
[Round "4"]
[White "Le Bouil, Jean Louis"]
[Black "Vergara, Jose"]
[Result "0-1"]
[WhiteElo "1867"]
[BlackElo "1980"]
[PlyCount "74"]
[EventDate "2022.05.27"]
[EventType "swiss"]
[EventRounds "6"]
[EventCountry "FRA"]
[SourceTitle "CBM 208 Extra"]
[Source "ChessBase"]
[SourceDate "2022.07.31"]
[SourceVersion "1"]
[SourceVersionDate "2022.07.31"]
[SourceQuality "1"]

1. e4 g6 2. d4 Bg7 3. Nf3 d6 4. Bc4 e6 5. Nc3 Ne7 6. Bb3 a6 7. Bg5 h6 8. Bf4 b5 9. a3 Bb7 10. 0-0 Nd7 11. Re1 Nf6 12. d5 e5 13. Bg3 0-0 14. Bh4 Nh7 15. Qd3 f5 16. Bxe7 Qxe7 17. Rad1 Bc8 18. Rd2 Bd7 19. Rde2 Qf7 20. Nd2 Nf6 21. f3 f4 22. Na2 Kh8 23. Nb4 Rg8 24. Nc6 Bf8 25. c4 bxc4 26. Nxc4 g5 27. N6xe5 dxe5 28. Nxe5 Qe8 29. Nxd7 Nxd7 30. d6 Bxd6 31. Bxg8 Ne5 32. Qd4 Qxg8 33. Rc2 Kh7 34. Kf2 g4 35. Qd2 Qg5 36. Qd5 Rg8 37. Rc3 gxf3 0-1

[Event "Angers op 15th"]
[Site "Angers"]
[Date "2022.05.27"]
[Round "1"]
[White "Grezels, Florian"]
[Black "Le Bouil, Jean Louis"]
[Result "1-0"]
[WhiteElo "2232"]
[BlackElo "1867"]
[PlyCount "47"]
[EventDate "2022.05.27"]
[EventType "swiss"]
[EventRounds "6"]
[EventCountry "FRA"]
[SourceTitle "CBM 208 Extra"]
[Source "ChessBase"]
[SourceDate "2022.07.31"]
[SourceVersion "1"]
[SourceVersionDate "2022.07.31"]
[SourceQuality "1"]

1. e4 e5 2. Nf3 Nc6 3. Bc4 Nf6 4. d3 Bc5 5. 0-0 d6 6. c3 0-0 7. Nbd2 Bb6 8. h3 Na5 9. Bb5 a6 10. Ba4 Qe7 11. Re1 Ba7 12. Nf1 b5 13. Bc2 c5 14. Ng3 Nc6 15. Be3 Bd7 16. Nh4 g6 17. Bg5 Be6 18. Rf1 c4 19. Kh1 Nb8 20. f4 Nbd7 21. fxe5 dxe5 22. Rxf6 Nxf6 23. Qf3 Kg7 24. Rf1 1-0

[Event "FRA-ch Railways-B"]
[Site "Soulac sur Mer"]
[Date "2015.05.26"]
[Round "3"]
[White "Le Bouil, Jean Louis"]
[Black "Ballester, Jonathan"]
[Result "0-1"]
[WhiteElo "1924"]
[BlackElo "1897"]
[PlyCount "50"]
[EventDate "2015.05.26"]
[EventType "swiss"]
[EventRounds "7"]
[EventCountry "FRA"]
[SourceTitle "EXT 2016"]
[Source "ChessBase"]
[SourceDate "2015.10.08"]
[SourceVersion "1"]
[SourceVersionDate "2015.10.08"]
[SourceQuality "1"]

1. e4 c5 2. c3 d5 3. exd5 Qxd5 4. Nf3 Bg4 5. Be2 Nc6 6. d4 cxd4 7. cxd4 e6 8. Nc3 Bb4 9. 0-0 Qa5 10. a3 Nf6 11. Bh6 gxh6 12. axb4 Qxb4 13. Qd2 Rg8 14. Ra4 Qf8 15. Re1 Rd8 16. Qf4 Nd5 17. Nxd5 Rxd5 18. Bc4 Rf5 19. Qc7 Qe7 20. Qc8+ Nd8 21. Ne5 Rfg5 22. d5 exd5 23. Bb5+ Kf8 24. Nd7+ Bxd7 25. Rxe7 Bxc8 0-1

[Event "FRA-ch Railways-B"]
[Site "Soulac sur Mer"]
[Date "2015.05.26"]
[Round "5"]
[White "Le Bouil, Jean Louis"]
[Black "Gillet, Richard"]
[Result "1/2-1/2"]
[WhiteElo "1924"]
[BlackElo "2021"]
[PlyCount "57"]
[EventDate "2015.05.26"]
[EventType "swiss"]
[EventRounds "7"]
[EventCountry "FRA"]
[SourceTitle "EXT 2016"]
[Source "ChessBase"]
[SourceDate "2015.10.08"]
[SourceVersion "1"]
[SourceVersionDate "2015.10.08"]
[SourceQuality "1"]

1. e4 c5 2. c3 Nf6 3. e5 Nd5 4. d4 cxd4 5. Nf3 Nc6 6. cxd4 d6 7. Bc4 Nb6 8. Bb5 dxe5 9. Nxe5 Bd7 10. Bxc6 Bxc6 11. Nxc6 bxc6 12. 0-0 g6 13. Bg5 Bg7 14. Re1 0-0 15. Bxe7 Qxd4 16. Nc3 Rfe8 17. Qf3 Nd5 18. Rad1 Qb6 19. Nxd5 cxd5 20. Qxd5 Qxb2 21. Rd2 Qc3 22. Rde2 Qc8 23. h3 Rb8 24. Bd6 Rxe2 25. Rxe2 Rb7 26. Qe4 h6 27. Qe8+ Qxe8 28. Rxe8+ Kh7 29. Re7 1/2-1/2

[Event "FRA-ch Railways-B"]
[Site "Soulac sur Mer"]
[Date "2015.05.26"]
[Round "1"]
[White "Schaub, Marc"]
[Black "Le Bouil, Jean Louis"]
[Result "1-0"]
[WhiteElo "1976"]
[BlackElo "1924"]
[PlyCount "39"]
[EventDate "2015.05.26"]
[EventType "swiss"]
[EventRounds "7"]
[EventCountry "FRA"]
[SourceTitle "EXT 2016"]
[Source "ChessBase"]
[SourceDate "2015.10.08"]
[SourceVersion "1"]
[SourceVersionDate "2015.10.08"]
[SourceQuality "1"]

1. e4 e5 2. Nf3 Nc6 3. Bb5 Bc5 4. c3 Nge7 5. 0-0 Bb6 6. d4 exd4 7. cxd4 d5 8. exd5 Nxd5 9. Re1+ Be6 10. Bxc6+ bxc6 11. Ng5 Qd6 12. Nc3 Kd7 13. Nxe6 fxe6 14. Ne4 Qf8 15. a4 a5 16. Ra3 Qb4 17. Bd2 Qxd4 18. Qg4 Rae8 19. Bc3 Nxc3 20. Rxc3 1-0